Yüklüyor......
Raji Sett/
| Yazar: | |
|---|---|
| Materyal Türü: | Printed Book |
| Baskı/Yayın Bilgisi: |
New Delhi:
National Publishing House,
2009.
|
| LEADER | 00358 a2200109 4500 | ||
|---|---|---|---|
| 100 | |a Ramesh Dave | ||
| 245 | |a Raji Sett/ |c Ramesh Dave | ||
| 260 | |a New Delhi: |b National Publishing House, |c 2009. | ||
| 300 | |a 246p. | ||
| 942 | |2 ddc |c BK | ||
| 999 | |c 237536 |d 237536 | ||
| 952 | |0 0 |1 0 |4 0 |7 0 |9 263777 |a HIN |b HIN |c ST1 |d 2011-06-07 |i 21221 |l 1 |m 2 |p HIN21221 |r 2012-09-06 |s 2012-05-18 |w 2011-06-07 |y BK | ||